| 000 | 00462nam a2200157Ia 4500 | ||
|---|---|---|---|
| 999 |
_c1357 _d1357 |
||
| 020 | _a81-7099-246-x | ||
| 082 | _a307.14120954 PAN-; SL1 | ||
| 100 | _aPandey, Keshav | ||
| 245 | 0 | _aSvatantyottar bharat me gramya vikasa aur Gandhi-Darshan | |
| 260 |
_aNew Delhi _bMittal Publications _c1991 |
||
| 300 | _a199p. | ||
| 650 | _aRural Development - India | ||
| 650 | _aIndia - Social conditions | ||
| 650 | _aGANDHI, MOHANDAS KARAMCHAND - Philosophy | ||
| 942 | _cBK | ||